000 00412nam a2200181Ia 4500
001 15649
005 20260306170211.0
008 260306t2015||||xx |||||||||||||| ||und||
041 _aESP
082 _a570
_bS66 T. 2
100 _aSolomon, Eldra P.
_eAUT
245 0 _aBiología
260 _c2015
300 _apáginas 708-1263 :
_c26 cm.
650 _aGEN
654 _aCCN
942 _cLIB
_dJUS
_fJUS
_2ddc
_n
999 _c15649
_d15649